000 00615nab a2200181 4500
001 244442
003 OSt
005 20251117125230.0
007 tu
008 200917s2020|||||||
040 _aDE-2950
_cDE-2950
245 0 0 _aGewinner beim Bürgerbudget
_bFinanzen. 40.000 Euro konnte man in Frankfurt wieder von der Stadt bekommen. Welche Projekte leer ausgegangen sind und wer die meisten Stimmen bekam/
_cLisa Larossa
264 _c2025
653 _aFrankfurt (Oder)
653 _aBürgerbudget
773 0 _g36. Jahrgang (2025) Nr. 261 vom 10.11.2025, S. 13 mit Foto
_tMärkische Oderzeitung
942 _2z
_cA
999 _c374110
_d374110